[Event "TCh-TUR Super League 2023"]
[Site "Ankara TUR"]
[Date "2023.07.17"]
[Round "8.4"]
[Board "3"]
[White "Aydincelebi, Kagan"]
[Black "Yavuz, Efe Metehan"]
[Result "1/2-1/2"]
[WhiteTitle "FM"]
[BlackTitle "FM"]
[WhiteElo "2280"]
[BlackElo "2346"]
[WhiteTeam "KARAMAN FUTBOL KULUBU"]
[BlackTeam "ROTA KOLEJI"]
[WhiteFideId "6361102"]
[BlackFideId "34514570"]
[EventDate "2023.07.10"]

1. e4 c5 2. Nf3 e6 3. c3 d5 4. exd5 Qxd5 5. d4 Nf6 6. Na3 Nc6 7. Nb5 Qd8 8. dxc5
Bxc5 9. Qxd8+ Kxd8 10. Nd2 a6 11. Nb3 Bb6 12. Nd6 Ke7 13. Nc4 Ba7 14. Be3 Bxe3
15. Nxe3 Rd8 16. Be2 Rb8 17. Nc5 a5 18. a4 b6 19. Nb3 Nd7 20. O-O-O Bb7 21. f4
Na7 22. Bf3 Bxf3 23. gxf3 g6 24. Rhe1 Nc6 25. Nc4 Nf6 26. Ne5 Nxe5 27. fxe5 Nd5
28. Re4 Rdc8 29. Nd4 Rc5 30. Nb5 h5 31. c4 Nb4 32. f4 Rd8 33. Nd6 Rc7 34. Red4
Nc6 35. R4d2 g5 36. fxg5 Rg8 37. Nb5 Rb7 38. Nd6 Rc7 39. Nb5 Rb7 40. Nd6 1/2-1/2

[Event "TCh-TUR Super League 2023"]
[Site "Ankara TUR"]
[Date "2023.07.17"]
[Round "8.4"]
[Board "4"]
[White "Karaoglan, Doruk"]
[Black "Makaraci, Tunahan"]
[Result "0-1"]
[WhiteTitle "CM"]
[WhiteElo "2247"]
[BlackElo "2296"]
[WhiteTeam "ROTA KOLEJI"]
[BlackTeam "KARAMAN FUTBOL KULUBU"]
[WhiteFideId "6390927"]
[BlackFideId "6356559"]
[EventDate "2023.07.10"]

1. e4 c5 2. Nf3 Nc6 3. d4 cxd4 4. Nxd4 g6 5. Nc3 Bg7 6. Be3 Nf6 7. Bc4 O-O 8.
Bb3 Re8 9. O-O d6 10. h3 Na5 11. Qd3 b6 12. Bd5 Nxd5 13. exd5 Qd7 14. f4 e6 15.
dxe6 fxe6 16. Rad1 Bb7 17. Nf3 Rad8 18. Bd4 Bxf3 19. Rxf3 d5 20. Bxg7 Qxg7 21.
b3 Nc6 22. Qd2 Qf6 23. Nb5 Rd7 24. Qc3 Qxc3 25. Rxc3 Ne7 26. Re1 Kf7 27. Nd4 Nf5
28. Nf3 Kg7 29. Rc6 Kf6 30. g4 Ng7 31. Ne5 Rb7 32. c4 Rd8 33. cxd5 Rxd5 34. Rc8
Ke7 35. Rec1 Ne8 36. Nc6+ Kf8 37. Nd8 Re7 38. R1c6 e5 39. f5 gxf5 40. gxf5 e4
41. Rf6+ Kg7 42. Re6 Re5 43. Rxe7+ Rxe7 44. Nc6 Rc7 45. Rxc7+ Nxc7 46. Nxa7 Kf6
47. Nc8 Nd5 48. Nd6 Ke5 49. Nc4+ Kxf5 50. a4 Kf4 51. Kf2 0-1

[Event "TCh-TUR Super League 2023"]
[Site "Ankara TUR"]
[Date "2023.07.17"]
[Round "8.4"]
[Board "5"]
[White "Abdulla, Khayala"]
[Black "Mammadova, Narmin"]
[Result "1/2-1/2"]
[WhiteTitle "WGM"]
[BlackTitle "WIM"]
[WhiteElo "2229"]
[BlackElo "2241"]
[WhiteTeam "KARAMAN FUTBOL KULUBU"]
[BlackTeam "ROTA KOLEJI"]
[WhiteFideId "13401807"]
[BlackFideId "13403710"]
[EventDate "2023.07.10"]

1. e4 e6 2. d4 d5 3. exd5 exd5 4. Nf3 Bd6 5. c4 Nf6 6. c5 Be7 7. Nc3 O-O 8. Bd3
b6 9. Be3 Bg4 10. Be2 c6 11. O-O Nbd7 12. b4 Re8 13. Rc1 bxc5 14. dxc5 a6 15.
Nd4 Bxe2 16. Ncxe2 Ne5 17. Bf4 Nfd7 18. a4 Bf8 19. Qb3 Qf6 20. Qg3 h6 21. Be3
Nc4 22. Bf4 Nde5 23. Rfe1 Ra7 24. Bxe5 Rxe5 25. Nf3 Re4 26. Ned4 Rae7 27. Red1
Nb2 28. Rd2 Nc4 29. Rdd1 Nb2 30. Rd2 Nc4 31. Rdd1 Nb2 32. Rd2 Nc4 1/2-1/2

[Event "TCh-TUR Super League 2023"]
[Site "Ankara TUR"]
[Date "2023.07.17"]
[Round "8.4"]
[Board "6"]
[White "Tarhan, Adar"]
[Black "Ipek, Egehan"]
[Result "1-0"]
[WhiteTitle "FM"]
[BlackTitle "FM"]
[WhiteElo "2347"]
[BlackElo "2258"]
[WhiteTeam "ROTA KOLEJI"]
[BlackTeam "KARAMAN FUTBOL KULUBU"]
[WhiteFideId "34544712"]
[BlackFideId "44523793"]
[EventDate "2023.07.10"]

1. e4 c6 2. d4 d5 3. e5 Bf5 4. Nf3 e6 5. Be2 Ne7 6. O-O Ng6 7. Be3 Nd7 8. Nbd2
f6 9. exf6 Qxf6 10. c4 Bd6 11. Qb3 Rb8 12. Rfe1 O-O 13. Nf1 Bg4 14. Ng3 Nf4 15.
Bxf4 Bxf4 16. Rad1 h5 17. h3 h4 18. Nf1 Bh5 19. Kh1 Qh6 20. N3h2 Nf6 21. Bxh5
Qxh5 22. Rxe6 Bxh2 23. Kxh2 Qf5 24. Re2 Kh8 25. Ne3 Qf4+ 26. Kg1 dxc4 27. Nxc4
Nd5 28. Ne5 Qf5 29. Qc2 Nf4 30. Re4 Rbd8 31. f3 Rd6 32. Qc5 Rd5 33. Qe7 Rf6 34.
Ng4 Rd7 35. Qe8+ Rf8 36. Rxf4 Rxe8 37. Rxf5 1-0

[Event "TCh-TUR Super League 2023"]
[Site "Ankara TUR"]
[Date "2023.07.17"]
[Round "8.5"]
[Board "2"]
[White "Cheparinov, Ivan"]
[Black "Kadric, Denis"]
[Result "0-1"]
[WhiteTitle "GM"]
[BlackTitle "GM"]
[WhiteElo "2663"]
[BlackElo "2601"]
[WhiteTeam "TURK HAVA YOLLARI"]
[BlackTeam "DARUSSAFAKA"]
[WhiteFideId "2905540"]
[BlackFideId "14403803"]
[EventDate "2023.07.10"]

1. e4 e5 2. Nf3 Nf6 3. d4 Nxe4 4. Bd3 Nc6 5. O-O d5 6. dxe5 Bg4 7. Nc3 Nxc3 8.
bxc3 Be7 9. Re1 Qd7 10. h3 Bh5 11. Rb1 O-O-O 12. Bb5 a6 13. Be2 Bc5 14. Nd4 Bxe2
15. Rxe2 Rde8 16. Bf4 g5 17. Bh2 h5 0-1

[Event "TCh-TUR Super League 2023"]
[Site "Ankara TUR"]
[Date "2023.07.17"]
[Round "8.5"]
[Board "5"]
[White "Fataliyeva, Ulviyya"]
[Black "Vaishali, Rameshbabu"]
[Result "0-1"]
[WhiteTitle "IM"]
[BlackTitle "IM"]
[WhiteElo "2401"]
[BlackElo "2431"]
[WhiteTeam "DARUSSAFAKA"]
[BlackTeam "TURK HAVA YOLLARI"]
[WhiteFideId "13403052"]
[BlackFideId "5091756"]
[EventDate "2023.07.10"]

1. c4 e5 2. Nc3 Bb4 3. Nf3 Bxc3 4. bxc3 d6 5. c5 Nf6 6. cxd6 cxd6 7. g3 O-O 8.
Bg2 Nc6 9. O-O Re8 10. d3 d5 11. Rb1 h6 12. Nd2 Qc7 13. Nb3 b6 14. f4 e4 15. f5
Ba6 16. Bf4 Qc8 17. dxe4 dxe4 18. Be3 Ne5 19. Bd4 Qc4 20. Rb2 Nd5 21. Qc1 Nc6
22. Rd1 Rac8 23. Rc2 Ncb4 24. Nd2 Qxd4+ 25. cxd4 Rxc2 26. Qb1 Bxe2 27. Re1 Rxd2
28. Bxe4 Rxd4 29. Bf3 Nc3 30. Qb2 Nd3 31. Qxc3 Nxe1 32. Bc6 Rc4 33. Qxe1 Rxc6
34. Qd2 Bf3 0-1

[Event "TCh-TUR Super League 2023"]
[Site "Ankara TUR"]
[Date "2023.07.17"]
[Round "8.5"]
[Board "6"]
[White "Can, Isik"]
[Black "Isik, Alparslan"]
[Result "1-0"]
[WhiteTitle "IM"]
[BlackTitle "IM"]
[WhiteElo "2512"]
[BlackElo "2478"]
[WhiteTeam "TURK HAVA YOLLARI"]
[BlackTeam "DARUSSAFAKA"]
[WhiteFideId "6383742"]
[BlackFideId "34506896"]
[EventDate "2023.07.10"]

1. e4 e5 2. Nf3 Nc6 3. Bc4 Nf6 4. d3 Be7 5. O-O O-O 6. Re1 d6 7. a4 Be6 8. Nbd2
Bxc4 9. Nxc4 Re8 10. c3 h6 11. b4 a6 12. Qb3 d5 13. Ncxe5 Nxe5 14. Nxe5 Bd6 15.
f4 Bxe5 16. fxe5 Rxe5 17. Bf4 Re6 18. e5 Nh5 19. Bd2 c6 20. Qd1 Qh4 1-0

[Event "TCh-TUR Super League 2023"]
[Site "Ankara TUR"]
[Date "2023.07.17"]
[Round "8.6"]
[Board "1"]
[White "Mendonca, Leon Luke"]
[Black "Sanal, Vahap"]
[Result "1/2-1/2"]
[WhiteTitle "GM"]
[BlackTitle "GM"]
[WhiteElo "2627"]
[BlackElo "2585"]
[WhiteTeam "BURSA BUYUKSEHIR BELEDIYE SPOR KULUBU"]
[BlackTeam "GOKTURK"]
[WhiteFideId "35028561"]
[BlackFideId "6300545"]
[EventDate "2023.07.10"]

1. d4 d5 2. c4 e6 3. Nc3 a6 4. cxd5 exd5 5. Nf3 Nf6 6. Bg5 Be6 7. e3 Nbd7 8. Bd3
Bd6 9. O-O O-O 10. h3 c6 11. Bf4 Qc7 12. Qd2 Rfe8 13. Rfe1 h6 14. Rac1 Nh5 15.
Bxd6 Qxd6 16. Na4 Nhf6 17. b4 Ne4 18. Qb2 Bf5 19. Nc5 Rab8 20. a4 Qe7 21. Nxd7
Bxd7 22. Ne5 Nd6 23. b5 axb5 24. axb5 Rec8 25. Nxd7 Qxd7 26. Rc5 Qe6 27. bxc6
bxc6 28. Qc2 Rb6 29. Rc1 g6 30. Qa4 Nb7 31. R5c2 Nd8 32. Qa7 Rb7 33. Qa5 Rcb8
34. Qd2 Kg7 35. Qe2 Rb3 36. Ra2 Qd6 37. Rac2 Qa3 38. Rd1 Qa4 39. Rcd2 Ra3 40.
Qg4 Ra1 41. Rxa1 Qxa1+ 42. Rd1 Qa4 43. Rf1 Qa3 44. Qg3 Rb7 45. Bc2 Qe7 46. Ra1
Qc7 47. Qf3 Ne6 48. Bd3 Rb3 49. Qd1 Rb6 50. Be2 h5 51. h4 c5 52. dxc5 Qxc5 53.
Ra4 1/2-1/2

[Event "TCh-TUR Super League 2023"]
[Site "Ankara TUR"]
[Date "2023.07.17"]
[Round "8.6"]
[Board "2"]
[White "Yilmaz, Mustafa"]
[Black "Babazada, Khazar"]
[Result "1-0"]
[WhiteTitle "GM"]
[BlackTitle "IM"]
[WhiteElo "2639"]
[BlackElo "2460"]
[WhiteTeam "GOKTURK"]
[BlackTeam "BURSA BUYUKSEHIR BELEDIYE SPOR KULUBU"]
[WhiteFideId "6302718"]
[BlackFideId "13413554"]
[EventDate "2023.07.10"]

1. d4 d5 2. c4 c6 3. Nf3 Nf6 4. Nc3 dxc4 5. a4 Bf5 6. Ne5 Nbd7 7. Nxc4 Qc7 8. g3
e5 9. dxe5 Nxe5 10. Bf4 Nfd7 11. Bg2 g5 12. Ne3 gxf4 13. Nxf5 O-O-O 14. Qc2 Kb8
15. Rd1 Ng6 16. O-O fxg3 17. hxg3 h5 18. e3 h4 19. g4 Nge5 20. g5 Bc5 21. f4 Nc4
22. Qe2 Ndb6 23. Kh1 Qc8 24. e4 Qe6 25. Kh2 Nd6 26. Nxd6 Bxd6 27. e5 Bb4 28.
Rxd8+ Rxd8 29. Rd1 Rxd1 30. Qxd1 a5 31. Qd8+ Ka7 32. Qd4 Qg4 33. Qe3 Qd7 34. Bh3
Qd8 35. e6 fxe6 36. Bxe6 Ka8 37. Kh3 Bd6 38. Kxh4 Bc7 39. Kg4 Nxa4 40. Nxa4 Qd1+
41. Kf5 Qxa4 42. g6 Qb5+ 43. Kf6 Qxb2+ 44. Kf7 Qh2 45. Qe4 1-0

[Event "TCh-TUR Super League 2023"]
[Site "Ankara TUR"]
[Date "2023.07.17"]
[Round "8.6"]
[Board "3"]
[White "Haznedaroglu, Kivanc"]
[Black "Can, Emre"]
[Result "0-1"]
[WhiteTitle "GM"]
[BlackTitle "GM"]
[WhiteElo "2408"]
[BlackElo "2570"]
[WhiteTeam "BURSA BUYUKSEHIR BELEDIYE SPOR KULUBU"]
[BlackTeam "GOKTURK"]
[WhiteFideId "6300634"]
[BlackFideId "6302181"]
[EventDate "2023.07.10"]

1. d4 d5 2. Nf3 Nf6 3. g3 e6 4. Bg2 c5 5. O-O Nc6 6. c4 dxc4 7. Ne5 Bd7 8. Nxc6
Bxc6 9. Bxc6+ bxc6 10. Qa4 cxd4 11. Qxc6+ Nd7 12. Qxc4 e5 13. e3 Rc8 14. Qe2 Bc5
15. b4 Bxb4 16. exd4 O-O 17. dxe5 Re8 18. a3 Ba5 19. Bf4 Nxe5 20. Bxe5 Qd5 21.
Rd1 Qxe5 22. Qxe5 Rxe5 23. Nd2 Re2 24. Nb3 Bb6 25. Nd4 Rb2 26. Rd3 g6 27. Rad1
Rc4 28. h4 h5 29. Kg2 Kg7 30. Kf1 a5 31. Kg2 a4 32. Kf1 Ra2 33. Kg2 Bc5 34. Kf3
Bxa3 35. Ke4 Be7 36. f4 Bf6 37. f5 a3 38. fxg6 Kxg6 39. Rf3 Re2+ 40. Kd5 Rxd4+
41. Rxd4 Bxd4 42. Kxd4 a2 43. Ra3 Kf5 0-1

[Event "TCh-TUR Super League 2023"]
[Site "Ankara TUR"]
[Date "2023.07.17"]
[Round "8.6"]
[Board "4"]
[White "Gokerkan, Cem Kaan"]
[Black "Eren, Ataberk"]
[Result "1/2-1/2"]
[WhiteTitle "IM"]
[BlackTitle "FM"]
[WhiteElo "2516"]
[BlackElo "2324"]
[WhiteTeam "GOKTURK"]
[BlackTeam "BURSA BUYUKSEHIR BELEDIYE SPOR KULUBU"]
[WhiteFideId "6336760"]
[BlackFideId "6349765"]
[EventDate "2023.07.10"]

1. Nf3 d5 2. g3 g6 3. Bg2 Bg7 4. d4 Nf6 5. O-O O-O 6. c3 c6 7. Nbd2 Bf5 8. Nh4
Be6 9. Re1 Nbd7 10. e4 dxe4 11. Nxe4 Nxe4 12. Bxe4 Nf6 13. Bg2 Bd5 14. Nf3 Re8
15. Bf1 Qb6 16. a4 a5 17. Ne5 Rad8 18. Qc2 Nd7 19. Nc4 Qc7 20. Bg5 Bf6 21. Bf4
e5 22. dxe5 Nxe5 23. Nxe5 Bxe5 24. Rxe5 Rxe5 25. c4 Be6 26. Qc3 f6 27. b4 axb4
28. Qxb4 c5 29. Qb5 1/2-1/2

[Event "TCh-TUR Super League 2023"]
[Site "Ankara TUR"]
[Date "2023.07.17"]
[Round "8.6"]
[Board "5"]
[White "Aydin, Gulenay"]
[Black "Ozturk Orenli, Kubra"]
[Result "1/2-1/2"]
[WhiteTitle "WFM"]
[BlackTitle "WGM"]
[WhiteElo "2145"]
[BlackElo "2319"]
[WhiteTeam "BURSA BUYUKSEHIR BELEDIYE SPOR KULUBU"]
[BlackTeam "GOKTURK"]
[WhiteFideId "34557431"]
[BlackFideId "6302599"]
[EventDate "2023.07.10"]

1. e4 e5 2. Nf3 Nc6 3. Nc3 Nf6 4. d4 Bb4 5. Nxe5 Nxe4 6. Qf3 Nd6 7. Be3 O-O 8.
Bd3 Qe7 9. Nxc6 dxc6 10. O-O Bxc3 11. bxc3 Be6 12. Rfe1 Rae8 13. Bf4 Qd7 14. a4
Bd5 15. Qg3 Ne4 16. Bxe4 Bxe4 17. Be5 Bg6 18. Bxc7 Bxc2 19. a5 Re6 20. Rxe6 Qxe6
21. Qe3 Qd7 22. Qd2 Bb3 23. Bf4 Bc4 24. Re1 Re8 25. Rxe8+ Qxe8 26. Qe3 Qxe3 27.
Bxe3 f5 28. f3 Kf7 29. Kf2 Ke6 30. Bf4 Kd5 31. Ke3 Bf1 32. g4 g6 33. Bb8 a6 34.
g5 Bc4 1/2-1/2

[Event "TCh-TUR Super League 2023"]
[Site "Ankara TUR"]
[Date "2023.07.17"]
[Round "8.6"]
[Board "6"]
[White "Kilic, Eray"]
[Black "Erdogmus, Yagiz Kaan"]
[Result "1/2-1/2"]
[WhiteTitle "FM"]
[BlackTitle "IM"]
[WhiteElo "2422"]
[BlackElo "2483"]
[WhiteTeam "GOKTURK"]
[BlackTeam "BURSA BUYUKSEHIR BELEDIYE SPOR KULUBU"]
[WhiteFideId "44517173"]
[BlackFideId "44599790"]
[EventDate "2023.07.10"]

1. e4 c5 2. Nf3 Nc6 3. d4 cxd4 4. Nxd4 Nf6 5. Nc3 d6 6. Bg5 e6 7. Qd2 a6 8. Rd1
Bd7 9. Be2 h6 10. Be3 b5 11. a3 Be7 12. f4 O-O 13. O-O Qc7 14. Nb3 Rfc8 15. g4
Be8 16. h4 d5 17. exd5 Nxd5 18. Nxd5 exd5 19. Qxd5 Bxh4 20. Bd3 Ne7 21. Qe4 Ng6
22. Nd4 Bf6 23. Rd2 Bxd4 24. Qxd4 Bc6 25. Bxg6 fxg6 26. Qd6 Qf7 27. f5 Be4 28.
fxg6 Qxg6 29. Qxg6 Bxg6 30. Rd7 Rd8 31. Rfd1 Rxd7 32. Rxd7 Rf8 33. Bd4 Rf7 34.
Rxf7 Kxf7 35. c4 bxc4 36. Kf2 h5 37. gxh5 Bxh5 38. Kg3 g5 39. Bc3 Ke6 40. Bd2
Kf5 41. Bc3 Bd1 42. Bd2 g4 43. Bc3 Ke4 44. Bh8 Kd3 45. Bc3 Kc2 46. Bh8 a5 47.
Bc3 a4 48. Bh8 1/2-1/2

[Event "TCh-TUR Super League 2023"]
[Site "Ankara TUR"]
[Date "2023.07.18"]
[Round "9.1"]
[Board "1"]
[White "Sanal, Vahap"]
[Black "Sychev, Klementy"]
[Result "1/2-1/2"]
[WhiteTitle "GM"]
[BlackTitle "GM"]
[WhiteElo "2585"]
[BlackElo "2540"]
[WhiteTeam "GOKTURK"]
[BlackTeam "TAS DUVAR"]
[WhiteFideId "6300545"]
[BlackFideId "4114060"]
[EventDate "2023.07.10"]

1. e4 e5 2. Nf3 Nc6 3. Bb5 a6 4. Ba4 Nge7 5. O-O Ng6 6. c3 d5 7. d4 dxe4 8. Nxe5
Nxe5 9. dxe5 Qxd1 10. Rxd1 Bd7 11. Bxc6 Bxc6 12. Bf4 Be7 13. Nd2 O-O-O 14. Re1
g5 15. Be3 Rd3 16. Nb3 Re8 17. Rab1 Rd5 18. Bd4 Bb5 19. Rbc1 Bd3 20. c4 Rdd8 21.
Bc3 g4 22. Ra1 h5 23. Nd2 e3 24. Rxe3 Bg5 25. Ree1 Bxd2 26. Bxd2 Bxc4 27. Bc3
Bd5 28. a3 h4 29. Re3 Be6 30. Rae1 Rg8 31. Kf1 b6 32. Re4 h3 33. g3 Rd7 34. Rf4
Rd3 35. Re3 Rxe3 36. fxe3 a5 37. Rd4 Kb7 38. e4 Ka6 39. Ke2 Kb5 40. Kd2 Rc8 41.
Kc2 Ra8 1/2-1/2

[Event "TCh-TUR Super League 2023"]
[Site "Ankara TUR"]
[Date "2023.07.18"]
[Round "9.1"]
[Board "2"]
[White "Visakh, N R"]
[Black "Yilmaz, Mustafa"]
[Result "1/2-1/2"]
[WhiteTitle "GM"]
[BlackTitle "GM"]
[WhiteElo "2536"]
[BlackElo "2639"]
[WhiteTeam "TAS DUVAR"]
[BlackTeam "GOKTURK"]
[WhiteFideId "25012223"]
[BlackFideId "6302718"]
[EventDate "2023.07.10"]

1. d4 Nf6 2. c4 e6 3. Nf3 d5 4. Nc3 Bb4 5. Bg5 h6 6. Bxf6 Qxf6 7. Qb3 c5 8. cxd5
exd5 9. e3 O-O 10. dxc5 Bxc3+ 11. Qxc3 Qxc3+ 12. bxc3 Nd7 13. Rd1 Nf6 14. c4 Be6
15. Nd4 Rfc8 16. Nxe6 fxe6 17. cxd5 exd5 18. Rc1 Rc7 19. Bd3 Rac8 20. Kd2 Rxc5
21. Rxc5 Rxc5 22. Rb1 b6 23. a4 Ng4 24. f3 Ne5 25. Rb4 Nxd3 26. Kxd3 Kf7 27. h4
h5 28. e4 dxe4+ 29. Rxe4 g6 30. g4 hxg4 1/2-1/2

[Event "TCh-TUR Super League 2023"]
[Site "Ankara TUR"]
[Date "2023.07.18"]
[Round "9.1"]
[Board "3"]
[White "Can, Emre"]
[Black "Samani, Yamac"]
[Result "1-0"]
[WhiteTitle "GM"]
[BlackTitle "FM"]
[WhiteElo "2570"]
[BlackElo "2375"]
[WhiteTeam "GOKTURK"]
[BlackTeam "TAS DUVAR"]
[WhiteFideId "6302181"]
[BlackFideId "6352634"]
[EventDate "2023.07.10"]

1. d4 d5 2. c4 e6 3. Nf3 Nf6 4. g3 Be7 5. Bg2 O-O 6. O-O dxc4 7. Qc2 b5 8. a4
Bb7 9. axb5 a6 10. bxa6 Nxa6 11. Qxc4 Bd5 12. Qc3 Ne4 13. Qe1 c5 14. Be3 Nb4 15.
Rxa8 Qxa8 16. Nc3 Nxc3 17. bxc3 Nc2 18. Qd2 Nxe3 19. Qxe3 cxd4 20. cxd4 Bf6 21.
Qf4 Bxf3 22. Bxf3 Qb8 23. Qe4 Qd6 24. e3 g6 25. Rc1 Kg7 26. Rc6 Qe7 27. h4 h5
28. Qb1 Rd8 29. Be4 Rd6 30. Rc5 Ra6 31. Rb5 Qa3 32. Qc2 Qa4 33. Rb3 Ra7 34. Kg2
Qa2 35. Rb2 Qa3 36. Rb8 Rd7 37. Qc6 Qd6 38. Qb5 Qe7 39. Bc6 Rc7 40. Bf3 Qd7 41.
Qb4 Rc8 42. Rb6 Be7 43. Qb2 Bf6 44. Qa3 Rc7 45. Qd3 Ra7 46. Rb8 Rc7 47. Qa6 Ra7
48. Qb6 Qc7 49. Qb5 Qd7 50. Bc6 Qc7 51. Be4 Qd7 52. Qe2 Qc7 53. Rb5 Qc1 54. Rb1
Qc3 55. g4 hxg4 56. Qxg4 Qa5 57. Rb8 Qh5 58. Qxh5 gxh5 59. Kg3 Ra1 60. Rb5 Rg1+
61. Bg2 Kg6 62. Kh2 Ra1 63. Be4+ Kh6 64. Bf3 Rc1 65. Kh3 Rf1 66. Kg2 Ra1 67.
Bxh5 Ra7 68. Bf3 Kg7 69. Kg3 Ra1 70. Rb7 Rg1+ 71. Kh2 Ra1 72. Bh5 Bxh4 73. Rxf7+
Kh6 74. Bg4 Ra6 75. Kh3 Kg6 76. Bh5+ Kxh5 77. Rh7+ Kg5 78. Rxh4 Ra1 79. Rf4 Rg1
80. Kh2 Ra1 81. Kg2 Ra5 82. Kf3 e5 83. dxe5 Rxe5 84. Rf8 Ra5 85. Ke4 1-0

[Event "TCh-TUR Super League 2023"]
[Site "Ankara TUR"]
[Date "2023.07.18"]
[Round "9.1"]
[Board "4"]
[White "Karagollu, Ahmet"]
[Black "Gokerkan, Cem Kaan"]
[Result "0-1"]
[BlackTitle "IM"]
[WhiteElo "2175"]
[BlackElo "2516"]
[WhiteTeam "TAS DUVAR"]
[BlackTeam "GOKTURK"]
[WhiteFideId "6307825"]
[BlackFideId "6336760"]
[EventDate "2023.07.10"]

1. e4 c5 2. Nf3 d6 3. Be2 Nf6 4. c3 g6 5. O-O Bg7 6. Bb5+ Nc6 7. Re1 Bg4 8. d3
O-O 9. Nbd2 Qc7 10. h3 Bd7 11. Nf1 a6 12. Ba4 b5 13. Bc2 e5 14. Bg5 h6 15. Bxf6
Bxf6 16. Ne3 Bg7 17. Nd5 Qd8 18. a4 Ne7 19. Bb3 Bc6 20. Nxe7+ Qxe7 21. axb5 axb5
22. Rxa8 Rxa8 23. Nd2 Kh7 24. Nf1 f5 25. Ne3 Rf8 26. Bd5 Bd7 27. exf5 gxf5 28.
Qf3 Qg5 29. Ra1 Be8 30. Ra7 Bg6 31. Be6 f4 32. Nf1 c4 33. dxc4 e4 34. Qd1 e3 35.
Bd5 bxc4 36. Bxc4 exf2+ 37. Kxf2 Be4 38. Rxg7+ Qxg7 39. Qg4 Qa7+ 40. Ke2 Qg1 41.
Qd7+ Kh8 42. Qxd6 Qxg2+ 43. Ke1 Qg7 44. Nd2 Bg2 45. Kd1 f3 46. Bd5 Bxh3 47. Bxf3
Bg4 48. Bxg4 Qxg4+ 49. Kc1 Qg7 50. Nc4 Kh7 51. Ne5 Rf5 52. Nd3 h5 53. Kc2 Qg2+
54. Kb3 Qd5+ 0-1

[Event "TCh-TUR Super League 2023"]
[Site "Ankara TUR"]
[Date "2023.07.18"]
[Round "9.1"]
[Board "5"]
[White "Ozturk Orenli, Kubra"]
[Black "Nurmanova, Alua"]
[Result "0-1"]
[WhiteTitle "WGM"]
[BlackTitle "WIM"]
[WhiteElo "2319"]
[BlackElo "2183"]
[WhiteTeam "GOKTURK"]
[BlackTeam "TAS DUVAR"]
[WhiteFideId "6302599"]
[BlackFideId "13729390"]
[EventDate "2023.07.10"]

1. d4 Nf6 2. c4 g6 3. Nc3 Bg7 4. e4 d6 5. f3 O-O 6. Be3 Nbd7 7. Qd2 c5 8. d5 a6
9. Bd3 b5 10. cxb5 Qa5 11. b6 Nxb6 12. Nge2 e6 13. O-O exd5 14. exd5 Kh8 15.
Rfd1 Rb8 16. Bf4 Rd8 17. Bg5 Re8 18. Qf4 Nbxd5 19. Nxd5 Nxd5 20. Qxd6 Be6 21.
Rac1 Rxb2 22. Rxc5 Qa4 23. Rcc1 Nb4 24. Nf4 Nxd3 25. Rxd3 h6 26. Be7 Rxe7 27.
Nxg6+ fxg6 28. Qxe7 Qxa2 29. Qc7 Rxg2+ 30. Kh1 Kh7 31. Re1 Re2 32. Rg1 Bf5 33.
Rdd1 a5 34. Rc1 Qb3 35. Rg3 Qb2 36. Rgg1 Bh3 37. Qg3 Bg2+ 0-1

[Event "TCh-TUR Super League 2023"]
[Site "Ankara TUR"]
[Date "2023.07.18"]
[Round "9.1"]
[Board "6"]
[White "Tarlabasi, Emirhan"]
[Black "Kilic, Eray"]
[Result "1/2-1/2"]
[WhiteTitle "FM"]
[BlackTitle "FM"]
[WhiteElo "2301"]
[BlackElo "2422"]
[WhiteTeam "TAS DUVAR"]
[BlackTeam "GOKTURK"]
[WhiteFideId "6350275"]
[BlackFideId "44517173"]
[EventDate "2023.07.10"]

1. d4 Nf6 2. c4 e6 3. Nf3 d5 4. Nc3 Bb4 5. Bg5 dxc4 6. e3 b5 7. a4 c6 8. Nd2 Bb7
9. Be2 Nbd7 10. O-O a6 11. e4 e5 12. dxe5 Nxe5 13. f4 Nd3 14. Bxd3 Qxd3 15. e5
Nd5 16. Nde4 Qxd1 17. Rfxd1 h6 18. Bh4 O-O 19. Nd6 Bxc3 20. bxc3 Nxc3 21. Nxb7
Nxd1 22. Rxd1 Rab8 23. Na5 Rfc8 24. Be7 c5 25. Bd6 c3 26. Rc1 Rb6 27. Rxc3 b4
28. Rc2 b3 29. Rb2 c4 30. Ba3 c3 31. Rxb3 Rxb3 32. Nxb3 Rb8 33. Nc5 Rb1+ 34. Kf2
Ra1 35. Bb4 c2 36. Bd2 c1=Q 37. Bxc1 Rxc1 38. Nxa6 Rc4 39. Ke3 g5 40. f5 Rxa4
41. Nc7 Ra5 42. Ke4 Ra2 43. Kf3 h5 44. Nd5 Ra3+ 45. Ke4 Ra4+ 46. Ke3 Kg7 47. Nf6
h4 48. h3 Rb4 49. Ne4 Rb3+ 50. Kd4 g4 51. hxg4 Rb2 52. Ke3 Rxg2 53. Kf3 Rg1 54.
e6 fxe6 55. fxe6 h3 56. e7 h2 57. e8=Q h1=Q+ 58. Ke3 Re1+ 59. Kd4 Rd1+ 60. Kc5
Rc1+ 61. Kd5 Qd1+ 62. Ke5 Rc7 63. Qe6 Rf7 64. Nd6 Qe2+ 65. Kd5 Qa2+ 66. Ke5 Qa5+
67. Ke4 Qb4+ 68. Ke5 Qf4+ 69. Kd5 Qf3+ 70. Ke5 Qe3+ 71. Kd5 Qxe6+ 72. Kxe6 Rf4
73. g5 Kg6 74. Ke5 Kxg5 75. Ne4+ Kg4 76. Nf6+ Kf3 77. Nd5 Ra4 78. Kf5 Ra5 79.
Ke5 Ra8 80. Kd4 Kg4 81. Ke4 Ra4+ 82. Ke5 Ra5 83. Ke4 Rxd5 84. Kxd5 1/2-1/2

[Event "TCh-TUR Super League 2023"]
[Site "Ankara TUR"]
[Date "2023.07.18"]
[Round "9.2"]
[Board "2"]
[White "Babazada, Khazar"]
[Black "Vidit, Santosh Gujrathi"]
[Result "0-1"]
[WhiteTitle "IM"]
[BlackTitle "GM"]
[WhiteElo "2460"]
[BlackElo "2719"]
[WhiteTeam "BURSA BUYUKSEHIR BELEDIYE SPOR KULUBU"]
[BlackTeam "TURK HAVA YOLLARI"]
[WhiteFideId "13413554"]
[BlackFideId "5029465"]
[EventDate "2023.07.10"]

1. e4 c5 2. Nf3 Nc6 3. Bb5 e6 4. Bxc6 bxc6 5. b3 Ne7 6. d3 f6 7. Nh4 d5 8. Nc3
e5 9. O-O h5 10. f4 exf4 11. Rxf4 g5 12. Rxf6 gxh4 13. Bg5 Bg7 14. Qf1 Bxf6 15.
Qxf6 Rf8 16. Qh6 dxe4 17. Qxh5+ Rf7 18. Rf1 Qd4+ 19. Kh1 Bf5 20. Bxe7 Kxe7 21.
Nxe4 Raf8 22. Ng5 Rf6 23. Nf3 Qg4 0-1